000
00240nam a22000857a 4500
999
_c
516294
_d
516294
100
_a
Surya Foundation
_9
22781
245
_a
Justice :
_b
When - how - at what cost
_c
Surya Foundation
260
_a
New Delhi
_b
Surya Foundation
_c
1996
300
_a
15p.